| 000 | 00000nam 2200000zi 4500 |
| 001 | 9.560482 |
| 003 | CaOODSP |
| 005 | 20211125145336 |
| 007 | cr ||||||||||| |
| 008 | 150406s2006||||xxc|||||o f|0| 0 eng d |
| 020 | |a0662431227 |
| 022 | |a1480-9516 |
| 040 | |aCaOODSP|beng |
| 043 | |an-cn--- |
| 086 | 1 |aCS89-552/14E-PDF |
| 100 | 1 |aCoulombe, Serge, |eauthor. |
| 245 | 10|aHuman capital and Canadian provincial standards of living / |cby Serge Coulombe and Jean-François Tremblay. |
| 264 | 1|bStatistics Canada, |c2006. |
| 300 | |a1 online resource (44 pages) : |bgraphs, tables. |
| 336 | |atext|btxt|2rdacontent |
| 337 | |acomputer|bc|2rdamedia |
| 338 | |aonline resource|bcr|2rdacarrier |
| 490 | 1 |aInternational Adult Literacy Survey, |x1480-9516 ; |vNo. 14 |
| 504 | |aIncludes bibliographical references. |
| 590 | |a06-14|b2006-04-07 |
| 690 | 07|aHuman capital|2gcpds |
| 690 | 07|aProvinces|2gcpds |
| 690 | 07|aStandard of living|2gcpds |
| 710 | 2 |aStatistics Canada, |eissuing body. |
| 775 | 08|tLe capital humain et les niveaux de vie dans les provinces canadiennes / |w(CaOODSP)9.593157 |
| 830 | #0|aInternational Adult Literacy Survey,|x1480-9516|vNo. 14|w(CaOODSP)9.504434 |
| 856 | 40|ahttp://publications.gc.ca|qPDF|s334 KB|uhttps://publications.gc.ca/collections/Collection/Statcan/89-552-MIE/89-552-MIE2006014.pdf|yNo. 14 |